000 00835nam a2200229Ia 4500
003 GCL
008 140319s9999 xx 000 0 ara d
040 _aGCL /
_cGCL
082 0 4 _a810.8
_bو ت
100 1 _aابن واصل : جمال الدين محمد بن سالم بن نصر الدين بن سالم الحموى
245 1 0 _aتجريد الأغانى /
_cابن واصل : جمال الدين محمد بن سالم بن نصر الدين بن سالم الحموى
250 _aالاولى
260 _aالقاهرة :
_bمطبعة مصر ،
_c1955
300 _aمتعدد الترقيم ؛
_c24 سم
490 _a
650 0 4 _aالشعر العربى
650 0 4 _aالادب العربى
650 0 4 _aالاغانى
650 0 4 _aتاريخ ونقد
650 0 4 _aالمجموعات
942 _2ddc
_cBK
999 _c58772
_d58772